000 00428nam a2200145Ia 4500
005 20250401005830.0
008 240331s9999 xx 000 0 und d
082 _bVAI
_a894
100 _aVaiyapuripillai, S
245 0 _aThamil ilakkiya sarithathil kaviya kalam
260 _aChennai
_bNew Century book house ( Pvt) Ltd
_c1991
300 _aXxiv, 367 p .,
500 _aTamil Ilakkiyathin Kaaviyakalam patriya oorai
942 _cL
999 _c3820
_d3820